| 000 | 00433 a2200145 4500 | ||
|---|---|---|---|
| 005 | 20250627063342.0 | ||
| 020 | _a0-674-00389-6 | ||
| 082 | _a384.55'0973c OWE. | ||
| 100 | _aOWEN, N. B. | ||
| 245 | _aThe Internet Challenge To Television, | ||
| 250 | _a3rd Ed. | ||
| 260 |
_aNew York, _bLibrary Of Congress Cataloging-In- Publication Data _c2000. |
||
| 300 |
_aix.; 327p.; Ill.; picture, _bIndex & Reference, _c23cm. |
||
| 942 |
_2ddc _cBKS |
||
| 999 |
_c5503 _d5503 |
||